000 00653nam a2200289Ia 4500
005 20260324132838.0
008 008 260324s9999 xx 000 0 eng d
020 _a9781351144766
037 _aEBOOK
040 _aCRL
040 _beng
040 _cCRL
041 _2eng
041 _aeng
084 _qCRL
100 _aF.F. Centore
_91190837
245 0 _aTheism or Atheism
245 4 _bThe Eternal Debate
260 _bTaylor and Francis
260 _c2004
365 _a
365 _b230
856 _uhttp://www.taylorfrancis.com/books/9781351144766
942 _cEBOOK
999 _c1789302
_d1789302